00659nam a2200193 i 4500001000700000003000900007005001700016007000300033008004100036100003300077245014900110260003600259300003800295490002300333700003300356700003200389830002300421852002100444137726ES-MaACL20251221063015.0t|070214q1911 sp f |||| | spa d1 aSalgari, Emilio, d1862-191114aLos estragos de la China b: novela original / cpor Emilio Salgari ; versión española de Alfredo Opisso ; [ilustraciones de José Passos]. aBarcelona : bMaucci, c[1911?] a317 p., 22 lám. ; c21 x 13 cm.1 aViajes y aventuras1 aOpisso, Alfredo, d1847-19241 aPassos, José, d1862-19280 aViajes y aventuras aES-MaACLjG-6296